Statistiques concernant Focus sur: Sibylle Trelawney - Harry Potter

Cliquez ici pour prendre le quiz!

Statistiques générales

  • Ce quiz a été pris 192 fois
  • Le résultat moyen est 7 sur 9

Statistiques - réponses

Informations recherchéesRéponses% Correct
Lieu de rencontre avec Harry PotterPoudlard
99%
Ecole fréquentéePoudlard
99%
ProfessionProfesseure de divination
99%
Maison fréquentéeSerdaigle
99%
Première apparitionHarry Potter et le prisonnier d'Azkaban
97%
Statut du sangSang-Mêlé
97%
Intérieur de la baguetteCrin de licorne
66%
Actrice l'interprétant dans les filmsEmma Thompson
53%
Bois de la baguetteNoisetier
19%

Distribution des résultats

Percentile par nombre de réponses

% des personnes avec chaque résultat

Votre développement - résultats

Vous n’avez pas pris ce quiz